00414pab a2200145 454500008004000000100002400040245007400064260000900138300001300147362001100160650001600171650001000187700002500197773004600222180718b1998 xxu||||| |||| 00| 0 eng d aButcher, Kristin F. aCross city evidence on the relationship between immigration and crime c1998 ap.457-93 aSummer aImmigration aCrime aPiehl, Anne Morrison aJournal of Policy Analysis and Management